[Event "Madrid Codes Memorial 4th"]
[Site "Madrid"]
[Date "2010.04.18"]
[Round "1"]
[White "Benitez Robles, Antonio"]
[Black "Maseda Iglesias, Luis"]
[Result "0-1"]
[WhiteElo "1700"]
[BlackElo "1830"]
[PlyCount "58"]
[EventDate "2010.04.18"]
[EventType "swiss"]
[EventRounds "9"]
[EventCountry "ESP"]
[SourceTitle "CBM 136 Extra"]
[Source "ChessBase"]
[SourceDate "2010.07.02"]
[SourceVersion "2"]
[SourceVersionDate "2010.07.15"]
[SourceQuality "1"]

1. e4 e6 2. Nf3 d5 3. d3 dxe4 4. dxe4 Qxd1+ 5. Kxd1 Bc5 6. Nc3 Nf6 7. Ke2 0-0 8. Be3 Nbd7 9. h3 b6 10. Rd1 Bb7 11. e5 Nd5 12. Nxd5 Bxd5 13. a3 Rad8 14. b4 Bxe3 15. Kxe3 Bxf3 16. gxf3 Nxe5 17. Be2 h6 18. Rxd8 Rxd8 19. f4 Nc6 20. c3 Ne7 21. Rc1 Nf5+ 22. Kf3 Kf8 23. Rc2 Ke7 24. Bc4 Rd1 25. a4 Ra1 26. Ra2 Rc1 27. Ra3 Nd4+ 28. Kg3 Rg1+ 29. Kh2 Nf3# 0-1